| 000 | 01040cam a2200325 i 4500 | ||
|---|---|---|---|
| 001 | 41449 | ||
| 003 | Mx-PuUPA | ||
| 005 | 20251029101202.0 | ||
| 008 | 140415s2020 ag gr 001 0 spa d | ||
| 020 | _a9789506232146 | ||
| 040 |
_aMx-PuUPA _bspa _cMx-PuUPA _dMx-PuUPA _erda |
||
| 041 | 0 | _aspa | |
| 100 | 1 |
_aFlorio, Lucio, _eautor _915189 |
|
| 245 | 1 | 0 |
_aCiencia y religión : _bperspectivas históricas, epistemológicas y teológicas / _cLucio Florio |
| 250 | _a1a ed. | ||
| 264 | 1 |
_aSalta, Argentina : _bEUCASA (Ediciones Universidad Católica de Salta), _c©2020 |
|
| 300 |
_a125 páginas ; _c23 cm |
||
| 336 |
_2rdacontent _atexto _btxt |
||
| 337 |
_2rdamedia _asin medio _bn |
||
| 338 |
_2rdacarrier _avolumen _bnc |
||
| 490 | 0 | _aEUCASA Identidad | |
| 490 | 0 | _aFé y razón | |
| 650 | 7 |
_2armarc _aReligión y ciencia |
|
| 650 | 7 |
_2armarc _aVida cristiana |
|
| 650 | 7 |
_2armarc _aTeología |
|
| 650 | 7 |
_2armarc _aFilosofía |
|
| 942 |
_2ddc _cLI _h261.55 _iF62 |
||
| 999 |
_c41449 _d41449 |
||